Key readings in media today (Record no. 16624)
[ view plain ]
| 000 -LEADER | |
|---|---|
| fixed length control field | 00552nam a22001697a 4500 |
| 008 - FIXED-LENGTH DATA ELEMENTS--GENERAL INFORMATION | |
| fixed length control field | 180131b xxu||||| |||| 00| 0 eng d |
| 020 ## - INTERNATIONAL STANDARD BOOK NUMBER | |
| International Standard Book Number | 0415992052 |
| 040 ## - CATALOGING SOURCE | |
| Original cataloging agency | KABU |
| Transcribing agency | KABU |
| 050 ## - LIBRARY OF CONGRESS CALL NUMBER | |
| Classification number | P91.25 |
| Item number | .K49 2009 c. 1 |
| 245 ## - TITLE STATEMENT | |
| Title | Key readings in media today |
| Remainder of title | mass communication in contexts |
| Statement of responsibility, etc. | edited by Brooke ErinDuffy and Joseph Turow |
| 260 ## - PUBLICATION, DISTRIBUTION, ETC. (IMPRINT) | |
| Place of publication, distribution, etc. | New York |
| Name of publisher, distributor, etc. | Routledge |
| Date of publication, distribution, etc. | 2009 |
| 300 ## - PHYSICAL DESCRIPTION | |
| Extent | xi, |
| 650 ## - SUBJECT ADDED ENTRY--TOPICAL TERM | |
| Topical term or geographic name as entry element | Mass media |
| 700 ## - ADDED ENTRY--PERSONAL NAME | |
| Personal name | Duffy, Brooke Erin |
| 700 ## - ADDED ENTRY--PERSONAL NAME | |
| Personal name | Turow, Joseph |
| 942 ## - ADDED ENTRY ELEMENTS (KOHA) | |
| Source of classification or shelving scheme | Library of Congress Classification |
| Koha item type | General Collection |
| Classification part | P91.25 .K49 2009 c. 1 |
| Withdrawn status | Lost status | Source of classification or shelving scheme | Not for loan | Home library | Current library | Shelving location | Date acquired | Cost, normal purchase price | Total Checkouts | Total Renewals | Full call number | Barcode | Date last seen | Date last checked out | Copy number | Price effective from | Koha item type |
|---|---|---|---|---|---|---|---|---|---|---|---|---|---|---|---|---|---|
| Library of Congress Classification | Kabarak, Main Campus | Kabarak, Main Campus | General Stacks | 31/01/2018 | 6150.00 | 2 | 1 | P91.25 .K49 2009 c. 1 | 027966 | 28/02/2022 | 03/02/2022 | c. 1 | 31/01/2018 | General Collection | |||
| Library of Congress Classification | Kabarak, Main Campus | Kabarak, Main Campus | General Stacks | 31/01/2018 | 6150.00 | 2 | P91.25 .K49 2009 c. 2 | 027967 | 18/12/2019 | 02/12/2019 | c. 2 | 31/01/2018 | General Collection | ||||
| Library of Congress Classification | Kabarak, Main Campus | Kabarak, Main Campus | General Stacks | 31/01/2018 | 6150.00 | 1 | P91.25 .K49 2009 c. 3 | 027968 | 05/10/2019 | 05/10/2019 | c. 3 | 31/01/2018 | General Collection |